Service sector energy demand soars (Record no. 65338)

MARC details
000 -LEADER
fixed length control field 01250cam a2200217 4500
001 - CONTROL NUMBER
control field WB3646-07
008 - FIXED-LENGTH DATA ELEMENTS--GENERAL INFORMATION
fixed length control field 000000n2000 000 0 eng u
035 ## - SYSTEM CONTROL NUMBER
System control number (Sirsi) u109453
245 ## - TITLE STATEMENT
Title Service sector energy demand soars
260 ## - PUBLICATION, DISTRIBUTION, ETC.
Date of publication, distribution, etc. 2000
490 ## - SERIES STATEMENT
Series statement ENDS Report
Volume/sequential designation (309) October 2000, 9(1)
520 ## - SUMMARY, ETC.
Summary, etc. A report by the Association for the Conservation of Energy (ACE) indicates that energy consumption by shops, offices and other commercial buildings has risen by at least 65% since 1973. Moreover, findings suggest consumption is increasing by 3.7% pa, and the energy intensity of services in this sector has worsened. Describes some of the issues and problems identified in the report. The ACE is calling for legislation to force freeholders of commercial property to conduct regular energy audits, and to bring efficiency up to acceptable standards. Table. "White Collar CO2" is available at: www.ukace.org/pubs.htm.
590 ## - LOCAL NOTE (RLIN)
Local note WB
650 ## - SUBJECT ADDED ENTRY--TOPICAL TERM
Topical term or geographic name entry element ASSOCIATION FOR THE CONSERVATION OF ENERGY
650 ## - SUBJECT ADDED ENTRY--TOPICAL TERM
Topical term or geographic name entry element ENERGY CONSUMPTION
650 ## - SUBJECT ADDED ENTRY--TOPICAL TERM
Topical term or geographic name entry element ENERGY POLICY
650 ## - SUBJECT ADDED ENTRY--TOPICAL TERM
Topical term or geographic name entry element PROPERTY-COMMERCIAL PROPERTY
650 ## - SUBJECT ADDED ENTRY--TOPICAL TERM
Topical term or geographic name entry element SERVICE SECTOR
690 ## - LOCAL SUBJECT ADDED ENTRY--TOPICAL TERM (OCLC, RLIN)
Topical term or geographic name as entry element ENVIRONMENTAL AND LAND CONSULTANCY-ENERGY-ENERGY USE-ENERGY EFFICIENCY
942 ## - ADDED ENTRY ELEMENTS (KOHA)
Suppress in OPAC 0
Holdings
Withdrawn status Lost status Source of classification or shelving scheme Damaged status Not for loan Home library Current library Shelving location Date acquired Total Checkouts Full call number Barcode Date last seen Copy number Price effective from Koha item type
    Dewey Decimal Classification     London London News article 22/11/2000   WB3646-07 109453-1001 06/08/2019 1 06/08/2019 News article